Estampas del Japón mítico : (Record no. 10847)
[ view plain ]
| 000 -CABECERA | |
|---|---|
| campo de control de longitud fija | 01574nam a22002657a 4500 |
| 001 - NÚMERO DE CONTROL | |
| campo de control | BRCA_9228 |
| 003 - IDENTIFICADOR DEL NÚMERO DE CONTROL | |
| campo de control | FranzMayer |
| 005 - FECHA Y HORA DE LA ÚLTIMA TRANSACCIÓN | |
| campo de control | 20220921134206.0 |
| 008 - DATOS DE LONGITUD FIJA--INFORMACIÓN GENERAL | |
| campo de control de longitud fija | 220912b |||||||| |||| 00| 0 eng d |
| 020 ## - NÚMERO INTERNACIONAL ESTÁNDAR DEL LIBRO | |
| Número Internacional Estándar del Libro | 9788417419615 |
| 040 ## - FUENTE DE LA CATALOGACIÓN | |
| Lengua de catalogación | spa |
| Centro/agencia transcriptor | MFM |
| 041 ## - CÓDIGO DE LENGUA | |
| Código de lengua del texto/banda sonora o título independiente | spa |
| 050 ## - SIGNATURA TOPOGRÁFICA DE LA BIBLIOTECA DEL CONGRESO | |
| Número de clasificación | NE1325. G45 |
| Número de documento/Ítem | E88 2020 |
| 245 ## - MENCIÓN DE TÍTULO | |
| Título | Estampas del Japón mítico : |
| Resto del título | Gekkō Zuihitsu / |
| Mención de responsabilidad, etc. | ed. V. David Almazán Tomás |
| 260 ## - PUBLICACIÓN, DISTRIBUCIÓN, ETC. | |
| Lugar de publicación, distribución, etc. | España : |
| Nombre del editor, distribuidor, etc. | Satori, |
| Fecha de publicación, distribución, etc. | 2020 |
| 300 ## - DESCRIPCIÓN FÍSICA | |
| Extensión | 153 p. : |
| Otras características físicas | il. ; |
| Dimensiones | 17 x 24 cm. |
| 490 ## - MENCIÓN DE SERIE | |
| Mención de serie | Satori Arte |
| 500 ## - NOTA GENERAL | |
| Nota general | Ubicación: L60-N1 |
| 500 ## - NOTA GENERAL | |
| Nota general | Índice de estampas de Gekkō Zuihitsu: pp. 151-153 |
| 520 ## - SUMARIO, ETC. | |
| Sumario, etc. | A finales del siglo XIX, cuando Japón se abría al mundo tras siglos de aislamiento abrazando con entusiasmo la modernización y la industrialización, un joven artista llamado Ogata Gekkō de formación autodidacta revolucionó el panorama artístico japonés creando un nuevo estilo de grabado ukiyo-e que sintonizaba con los gustos de quienes miraban con nostalgia cómo el Japón tradicional.La serie Gekkō Zuihitsu (Ensayos de Gekkō), que comenzó a publicarse en 1887, está formada por cuarenta y siete estampas de gran calidad, una por cada letra del alfabeto japonés, que retratan dioses, dragones, emperadores, princesas, poetas, samuráis, monjes y un amplio repertorio de personajes y tradiciones niponas. |
| 600 ## - PUNTO DE ACCESO ADICIONAL DE MATERIA--NOMBRE DE PERSONA | |
| Nombre de persona | Ogata, Gekkō, |
| Fechas asociadas al nombre | 1859-1920 |
| Subdivisión de forma | Catálogo |
| Subdivisión general | Arte |
| Subdivisión geográfica | Japón |
| 9 (RLIN) | 28548 |
| 650 ## - PUNTO DE ACCESO ADICIONAL DE MATERIA--TÉRMINO DE MATERIA | |
| Término de materia o nombre geográfico como elemento de entrada | Ukiyoe |
| Subdivisión general | Arte |
| -- | Grabado |
| Subdivisión geográfica | Japón |
| 9 (RLIN) | 28547 |
| 942 ## - ELEMENTOS DE PUNTO DE ACCESO ADICIONAL (KOHA) | |
| Fuente del sistema de clasificación o colocación | Library of Congress Classification |
| Tipo de ítem Koha | Libros |
| Estado de retiro | Estado de pérdida | Fuente del sistema de clasificación o colocación | Estado dañado | No para préstamo | Localización permanente | Ubicación/localización actual | Fecha de adquisición | Total de préstamos | Signatura topográfica completa | Código de barras | Fecha visto por última vez | Precio válido a partir de | Tipo de ítem Koha |
|---|---|---|---|---|---|---|---|---|---|---|---|---|---|
| El ejemplar forma parte de la colección y puede ser consultado según las políticas vigentes. | Library of Congress Classification | Biblioteca del Museo Franz Mayer (Rogerio Casas-Alatriste) | Biblioteca del Museo Franz Mayer (Rogerio Casas-Alatriste) | 12/09/2022 | NE1325. G45 E88 2020 | CONT10016 | 12/09/2022 | 12/09/2022 | Libros |